00752nam a2200229Ia 450000500170000000800410001702000230005804000190008104100120010008200160011210000140012824500480014226000570019030000310024750400500027865000190032865100250034785000100037294200070038299900170038995201160040620230127105102.0131103s9999 xx 000 0 und d a8173045879cRs 150 aLoreto College aEnglish a954.01bJHA aJha, D.N. aEarly India b A concise history cD.N. Jha aNew DelhibManohar Publishers and Distributorsc2005 a269pb maps,plates, photos aIncludes bibliographical references and index aIndia, History aIndia, Early History aLCLIB cBK c14827d65306 00102ddc4070aMAINbMAINd2013-11-04l29o954.01 JHA 45202pB14857r2025-02-17s2025-02-07w2013-11-04yBKf